03750nam a22003975i 4500006001900000007001500019008004100034020003500075072001600110072002300126072001500149082001700164100002500181245010800206250001800314260002700332300006900359505096600428520118101394650002402575650004202599650002502641650002402666650006802690650005402758700008202812700008502894700007702979700008203056710003403138773002603172776003603198776003603234776003603270856004603306a|||||o|||| 00| 0 cr nn 008mamaa210706s2021 sz | s |||| 0|eng d a9783030773250qOnline Resource 7aTBD2bicssc 7aTEC0160202bisacsh 7aTBD2thema04a620.00422231 aRadojčić, Dejan.10aDesign of Contemporary Inland Waterway Vesselsh[electronic resource] :bThe Case of the Danube River / a1st ed. 2021. aLondonbSpringerc2021 aXXIII, 337 p. 277 illus., 119 illus. in color.bonline resource.0 aChapter 1. Introduction -- Part I. Factors That Influence the Design of Contemporary Danube Vessels -- Chapter 2. The Danube Waterway with its Tributaries -- Chapter 3. Intermodality and IWT -- Chapter 4. Waterborne Transport – Representative Ship Types -- Chapter 5. Overview of Regulatory Framework From a Viewpoint of the Design of Danube Vessels -- Chapter 6. Transport Efficiencies and Performance Indicators -- Part II. Design Guidelines with the Basics on Shallow Water Hydrodynamics -- Chapter 7. Basics on Inland Waterway Vessel Hydrodynamics -- Chapter 8. Essential Expressions and Design Guidelines for the Preliminary Design of IW Vessels -- Part III. Innovative Technologies and Design Solutions for Contemporary Inland Waterway Vessels -- Chapter 9. Technologies for Improvements of Energy Efficiency and Environmental Performance -- Chapter 10. Concepts of Contemporary and Innovative Vessels -- Chapter 11. Conversion and Retrofitting Options. aThis book addresses key aspects for the design of contemporary, shallow draught IW vessels for the transport of dry cargo (containers and bulk cargo). Most of the logic that is presented is applicable to the design of river vessels for any river, but the material that is presented is focused on vessels for the River Danube and its tributaries. The term ‘contemporary river vessel’ assumes that the present-day technology and current Danube river infrastructure are taken into consideration in its design. It is believed that the technologies and concepts that are proposed here are applicable for all new vessel designs for the next 10 to 15 years. Other innovative technologies should be considered for designs beyond that horizon. Moreover, nowadays contemporary IW vessel must be in harmony with the Environmentally Sustainable Transport (EST) policies and hence special attention is paid to both ecology and efficiency. Note however that shipowners and ship operators usually tend to choose the conventional cost-effective transport technologies. Given that potential divergence of interests, the concepts and technologies treated here may be regarded as innovative. 0aEngineering design. 0aNeural networks (Computer science) . 0aMathematical models.14aEngineering Design.24aMathematical Models of Cognitive Processes and Neural Networks.24aMathematical Modeling and Industrial Mathematics.1 aSimić, Aleksandar.eauthor.4aut4http://id.loc.gov/vocabulary/relators/aut1 aMomčilović, Nikola.eauthor.4aut4http://id.loc.gov/vocabulary/relators/aut1 aMotok, Milorad.eauthor.4aut4http://id.loc.gov/vocabulary/relators/aut1 aFriedhoff, Benjamin.eauthor.4aut4http://id.loc.gov/vocabulary/relators/aut2 aSpringerLink (Online service)0 tSpringer Nature eBook08iPrinted edition:z978303077324308iPrinted edition:z978303077326708iPrinted edition:z978303077327440uhttps://doi.org/10.1007/978-3-030-77325-0